[Event "DEM U12w 2017"]
[Site "Willingen GER"]
[Date "2017.06.05"]
[Round "3"]
[White "Heutling, Elina"]
[Black "Dietz, Kristin"]
[Result "1-0"]
[Termination "normal"]
[Board "2"]
[WhiteElo "1461"]
[BlackElo "1733"]
[WhiteClock "00:09:34"]
[BlackClock "00:25:57"]
[PlyCount "123"]
[WhiteFideId "16244729"]
[BlackFideId "12993743"]
[EventCountry "GER"]
[EventRounds "11"]
[EventType "swiss"]
[EventDate "2017.06.03"]

1. e4 c5 2. Nf3 d6 3. d4 cxd4 4. Nxd4 Nf6 5. Nc3 e6 6. Be3 Be7 7. Be2 O-O 8.
O-O Nc6 9. Qd2 Re8 10. Rad1 Qa5 11. f4 Bd7 12. Bf3 a6 13. Qf2 Qc7 14. g4 Rf8
15. g5 Ne8 16. h4 f6 17. Qg3 Qd8 18. Rf2 Nc7 19. Rg2 Rb8 20. Nb3 Bc8 21. Bb6
Qd7 22. Nc5 Qd8 23. b4 Bd7 24. Nd3 Rc8 25. b5 axb5 26. Nxb5 fxg5 27. hxg5 e5
28. f5 Nd4 29. Nxd4 exd4 30. Nb4 Qe8 31. f6 Bd8 32. Qxd6 Nb5 33. Qd5+ Qe6 34.
Qxe6+ Bxe6 35. Bxd8 Rcxd8 36. e5 Nc3 37. Ra1 Ra8 38. Rd2 Rfd8 39. Nd3 Rxa2 40.
Rxa2 Bxa2 41. Bxb7 gxf6 42. exf6 Kf7 43. Ne5+ Ke6 44. Nc6 Rg8 45. Nxd4+ Ke5 46.
Nf3+ Kf4 47. Rh2 Ne4 48. Bxe4 Kxe4 49. Kf2 Bd5 50. Rxh7 Kf4 51. f7 Rc8 52. Rh4+
Kf5 53. Kg3 Bxf3 54. Kxf3 Kxg5 55. Rg4+ Kf6 56. Rf4+ Ke7 57. f8=Q+ Rxf8 58.
Rxf8 Kxf8 59. Ke4 Ke7 60. Kd5 Kd7 61. c4 Kc7 62. Kc5 1-0

[Event "DEM U12w 2017"]
[Site "Willingen GER"]
[Date "2017.06.05"]
[Round "3"]
[White "Reuter, Elisa"]
[Black "Orlova, Alicia"]
[Result "0-1"]
[Termination "normal"]
[Board "3"]
[WhiteElo "1655"]
[BlackElo "1452"]
[WhiteClock "00:11:20"]
[BlackClock "00:40:43"]
[PlyCount "92"]
[WhiteFideId "12995444"]
[BlackFideId "34154563"]
[EventCountry "GER"]
[EventRounds "11"]
[EventType "swiss"]
[EventDate "2017.06.03"]

1. e4 e5 2. Nf3 Qe7 3. Bc4 d6 4. O-O Bg4 5. h3 Bh5 6. Re1 Nc6 7. d3 Nd4 8. Nbd2
Nf6 9. c3 Nxf3+ 10. Nxf3 h6 11. d4 g5 12. Qd3 O-O-O 13. Nh2 Bg7 14. d5 Bg6 15.
Qc2 Nd7 16. b4 Rdf8 17. Bd3 h5 18. g3 Nb6 19. a4 Na8 20. a5 Qd7 21. Kg2 g4 22.
h4 f5 23. exf5 Bxf5 24. Bxf5 Qxf5 25. Qxf5+ Rxf5 26. Re4 Rhf8 27. Be3 a6 28. c4
Kd7 29. Rb1 c6 30. b5 Nc7 31. bxc6+ bxc6 32. dxc6+ Kxc6 33. Rb6+ Kd7 34. c5 d5
35. c6+ Kd6 36. Ra4 d4 37. Bc1 Rxf2+ 38. Kg1 R8f7 39. Ba3+ Ke6 40. Rb7 d3 41.
Bb4 d2 42. Ra1 Re2 43. Nf1 e4 44. Rd1 Bd4+ 45. Kh1 e3 46. Rb8 Re1 0-1

[Event "DEM U12w 2017"]
[Site "Willingen GER"]
[Date "2017.06.05"]
[Round "3"]
[White "Bashylina, Luisa"]
[Black "Doll, Rebecca"]
[Result "1-0"]
[Termination "normal"]
[Board "4"]
[WhiteElo "1525"]
[BlackElo "1473"]
[WhiteClock "00:09:14"]
[BlackClock "00:02:09"]
[PlyCount "115"]
[WhiteFideId "12983292"]
[BlackFideId "16236890"]
[EventCountry "GER"]
[EventRounds "11"]
[EventType "swiss"]
[EventDate "2017.06.03"]

1. e4 e5 2. Nf3 Nc6 3. d4 exd4 4. Nxd4 Bc5 5. Be3 Qf6 6. c3 Nge7 7. Bc4 O-O 8.
O-O Ne5 9. Be2 d5 10. Nd2 Bb6 11. f4 N5c6 12. e5 Qh4 13. N2f3 Qg4 14. Qd2 Qd7
15. Bd3 f5 16. Nh4 Nxd4 17. cxd4 Qe8 18. Nf3 Nc6 19. a3 Na5 20. Qc2 Bd7 21. b4
Nc6 22. Qb3 Be6 23. Rfc1 a5 24. b5 a4 25. Qb2 Na5 26. Nd2 Bd7 27. Qb4 Qe6 28.
Re1 Rfc8 29. Bc2 Nb3 30. Bxb3 axb3 31. Nxb3 Ra7 32. a4 c6 33. Rec1 Rb8 34. bxc6
bxc6 35. Nc5 Qe7 36. Rcb1 Bc7 37. Qc3 Rxb1+ 38. Rxb1 Ba5 39. Qb3 Bc7 40. Qb4
Bc8 41. Qb2 Ra5 42. Qc2 Bd8 43. Bd2 Ra8 44. Bb4 Qf7 45. Nb3 Rxa4 46. Qxc6 Bd7
47. Qc5 Ra8 48. Re1 Rc8 49. Qd6 Ba4 50. Qa6 Qd7 51. e6 Qc6 52. Qxc6 Rxc6 53.
Nc5 Rb6 54. Ba5 Rb8 55. Bxd8 Rxd8 56. Nxa4 Re8 57. Nb6 Kf8 58. Nxd5 1-0

[Event "DEM U12w 2017"]
[Site "Willingen GER"]
[Date "2017.06.05"]
[Round "3"]
[White "Gehrke, Gina Celina"]
[Black "Stowicek, Yara Mathilda"]
[Result "0-1"]
[Termination "normal"]
[Board "5"]
[WhiteElo "1435"]
[BlackElo "1455"]
[WhiteClock "01:09:01"]
[BlackClock "00:32:53"]
[PlyCount "72"]
[WhiteFideId "16205979"]
[BlackFideId "16203569"]
[EventCountry "GER"]
[EventRounds "11"]
[EventType "swiss"]
[EventDate "2017.06.03"]

1. d4 d5 2. e3 Bf5 3. Bd3 Bxd3 4. cxd3 Nf6 5. f4 e6 6. Nf3 c5 7. dxc5 Bxc5 8.
d4 Bb4+ 9. Bd2 Bxd2+ 10. Nbxd2 Nc6 11. Ne5 Qb6 12. Qc2 Rc8 13. O-O O-O 14. Qb3
Qxb3 15. Nxb3 Nxe5 16. fxe5 Ne4 17. Rac1 b6 18. Rfd1 h6 19. Kf1 f6 20. exf6
Rxf6+ 21. Ke1 Rcf8 22. Nd2 Nxd2 23. Kxd2 Rf2+ 24. Kc3 Rxg2 25. h4 Rff2 26. Rb1
Rc2+ 27. Kb3 Rcd2 28. Rxd2 Rxd2 29. Rc1 Rd3+ 30. Rc3 Rxc3+ 31. Kxc3 g5 32. hxg5
hxg5 33. Kd2 Kf7 34. Ke2 Kf6 35. Kf3 Kf5 36. b4 g4+ 0-1

[Event "DEM U12w 2017"]
[Site "Willingen GER"]
[Date "2017.06.05"]
[Round "3"]
[White "Peglau, Mirjam"]
[Black "Reichelt, Lena"]
[Result "1/2-1/2"]
[Termination "normal"]
[Board "6"]
[WhiteElo "1579"]
[BlackElo "1467"]
[WhiteClock "00:24:34"]
[BlackClock "00:13:17"]
[PlyCount "90"]
[WhiteFideId "16211138"]
[BlackFideId "12981184"]
[EventCountry "GER"]
[EventRounds "11"]
[EventType "swiss"]
[EventDate "2017.06.03"]

1. e4 e6 2. d4 d5 3. Nc3 Nf6 4. e5 Nfd7 5. f4 a6 6. Nf3 c5 7. Be3 Nc6 8. Be2
cxd4 9. Nxd4 Bc5 10. Nxc6 bxc6 11. Bxc5 Nxc5 12. b4 Nd7 13. Na4 O-O 14. O-O a5
15. a3 axb4 16. axb4 Ba6 17. c3 Bxe2 18. Qxe2 Qc7 19. Nb2 c5 20. c4 cxb4 21.
cxd5 Qc5+ 22. Kh1 Qxd5 23. Qd3 Rxa1 24. Rxa1 Nc5 25. Qxd5 exd5 26. Kg1 f6 27.
Rc1 Ne6 28. f5 Nd4 29. Rd1 fxe5 30. g4 Kf7 31. Nd3 Nf3+ 32. Kg2 e4 33. Nxb4 d4
34. h3 Rd8 35. Nc2 d3 36. Ne3 Rc8 37. Kg3 Re8 38. Kf4 h6 39. Nc4 Rd8 40. Kxe4
Ng5+ 41. Ke3 Nxh3 42. Ne5+ Kf6 43. Nxd3 Re8+ 44. Kf3 Rd8 45. Nf2 Rxd1 1/2-1/2

[Event "DEM U12w 2017"]
[Site "Willingen GER"]
[Date "2017.06.05"]
[Round "3"]
[White "Adelhardt, Lisa"]
[Black "Butenandt, Svenja"]
[Result "0-1"]
[Termination "normal"]
[Board "7"]
[WhiteElo "1324"]
[BlackElo "1473"]
[PlyCount "100"]
[WhiteFideId "16235380"]
[BlackFideId "12993859"]
[EventCountry "GER"]
[EventRounds "11"]
[EventType "swiss"]
[EventDate "2017.06.03"]

1. e4 c5 2. Nc3 Nc6 3. f4 g6 4. Nf3 Bg7 5. Bc4 e6 6. O-O Nge7 7. d3 O-O 8. Bb5
d5 9. Bxc6 Nxc6 10. Ne2 b6 11. c3 dxe4 12. dxe4 Qxd1 13. Rxd1 Ba6 14. Ng3 Rfd8
15. Be3 Na5 16. e5 Nc4 17. Rxd8+ Rxd8 18. Bc1 Rd1+ 19. Kf2 Bh6 20. Ne2 Na5 21.
b3 Nc6 22. h3 Bb7 23. Bb2 Rxa1 24. Bxa1 Kf8 25. Bb2 Ba6 26. g3 Ke7 27. Ba3 Kd7
28. Ke3 Bg7 29. Bc1 Ne7 30. g4 Nd5+ 31. Kf2 Bxe2 32. Kxe2 Nxc3+ 33. Kd3 Nxa2
34. Ba3 a5 35. Kc4 Kc6 36. Ng5 Bh6 37. h4 Bxg5 38. hxg5 Nb4 39. Bc1 b5+ 40. Kc3
Na2+ 41. Kc2 Nxc1 42. Kxc1 Kd5 43. Kd2 c4 44. bxc4+ Kxc4 45. Kc2 b4 46. Kb2 b3
47. Kb1 Kc3 48. Kc1 b2+ 49. Kb1 a4 50. f5 a3 0-1

[Event "DEM U12w 2017"]
[Site "Willingen GER"]
[Date "2017.06.05"]
[Round "3"]
[White "Oswald, Hannah"]
[Black "Wiemann, Vanessa"]
[Result "1-0"]
[Termination "normal"]
[Board "8"]
[WhiteElo "1502"]
[BlackElo "1305"]
[PlyCount "125"]
[WhiteFideId "16214960"]
[BlackFideId "12942987"]
[EventCountry "GER"]
[EventRounds "11"]
[EventType "swiss"]
[EventDate "2017.06.03"]

1. e4 e5 2. Nf3 Nc6 3. Bc4 Bc5 4. O-O d6 5. c3 Qf6 6. d3 h6 7. h3 Nge7 8. Nbd2
Ng6 9. Re1 O-O 10. Nf1 Nf4 11. Ng3 Qg6 12. Be3 Bb6 13. Qd2 Bxe3 14. Qxe3 Be6
15. Bxe6 fxe6 16. Rad1 Rad8 17. Kh2 Qf6 18. b4 a6 19. a4 Ra8 20. b5 Ne7 21. b6
c6 22. a5 c5 23. d4 cxd4 24. cxd4 exd4 25. Qxd4 Qxd4 26. Nxd4 Neg6 27. Nge2
Rae8 28. Nxf4 Nxf4 29. f3 Rf7 30. Ne2 Nxe2 31. Rxe2 Rd8 32. Rc2 Rff8 33. Rc7
Rc8 34. Rxb7 Rfd8 35. Ra7 Ra8 36. Rxa8 Rxa8 37. Rxd6 Kf7 38. Rd7+ Kf6 39. Ra7
Rb8 40. Rxa6 Ke5 41. Ra7 Kd6 42. Rxg7 Kc6 43. Rg6 Kb5 44. Rxh6 Kxa5 45. Rxe6
Rxb6 46. Rxb6 Kxb6 47. h4 Kc6 48. h5 Kc5 49. h6 Kc6 50. h7 Kc5 51. h8=Q Kd6 52.
g4 Kc5 53. g5 Kd6 54. g6 Kc5 55. g7 Kd4 56. g8=R+ Ke3 57. Rg4 Kd3 58. f4 Kc4
59. Qd8 Kc5 60. Rg7 Kc4 61. Rc7+ Kb4 62. Qb8+ Ka5 63. Ra7# 1-0

[Event "DEM U12w 2017"]
[Site "Willingen GER"]
[Date "2017.06.05"]
[Round "3"]
[White "Nguyen, Phuong Thao Vivien"]
[Black "Karlinger De la Quintana, Ainhoa"]
[Result "1-0"]
[Termination "normal"]
[Board "9"]
[WhiteElo "1540"]
[BlackElo "1344"]
[PlyCount "81"]
[WhiteFideId "16210735"]
[BlackFideId "16217268"]
[EventCountry "GER"]
[EventRounds "11"]
[EventType "swiss"]
[EventDate "2017.06.03"]

1. e4 g6 2. d4 Bg7 3. Nc3 c5 4. dxc5 Bxc3+ 5. bxc3 Qa5 6. Qd4 Nf6 7. Qb4 Qxb4
8. cxb4 Nxe4 9. Bb2 Nf6 10. Bc4 a5 11. b5 O-O 12. Nf3 Ne4 13. Bd4 d6 14. cxd6
Nxd6 15. Bd3 Bf5 16. Bxf5 Nxf5 17. Bb2 Nd7 18. O-O Rac8 19. Rac1 Rc5 20. c4 Nb6
21. g4 Nd6 22. Bd4 Rxc4 23. Bxb6 Rxg4+ 24. Kh1 Nxb5 25. Bxa5 Ra4 26. Bd2 Rxa2
27. Bh6 Re8 28. Rb1 Nd6 29. Be3 Ra3 30. Nd2 Rb8 31. Bc5 Ra2 32. Bxd6 exd6 33.
Ne4 Ra6 34. Rfd1 b5 35. Rxd6 Rab6 36. Kg2 Kf8 37. Kf3 Ke7 38. Rxb6 Rxb6 39. Nc3
Rf6+ 40. Kg3 h5 41. Nd5+ 1-0

[Event "DEM U12w 2017"]
[Site "Willingen GER"]
[Date "2017.06.05"]
[Round "3"]
[White "Bayer, Melissa"]
[Black "Schneider, Anna"]
[Result "1-0"]
[Termination "normal"]
[Board "10"]
[WhiteElo "1583"]
[BlackElo "1412"]
[PlyCount "112"]
[WhiteFideId "16206916"]
[BlackFideId "16200527"]
[EventCountry "GER"]
[EventRounds "11"]
[EventType "swiss"]
[EventDate "2017.06.03"]

1. e4 e5 2. Nf3 Nc6 3. Bb5 a6 4. Bxc6 dxc6 5. O-O Bd6 6. d4 Qe7 7. Re1 Bg4 8.
c3 Nf6 9. h3 Bh5 10. Bg5 h6 11. Bh4 g5 12. Bg3 g4 13. dxe5 gxf3 14. exf6 Qe6
15. Qd3 O-O-O 16. Qe3 Bxg3 17. fxg3 Kb8 18. g4 Bg6 19. gxf3 Qxf6 20. Nd2 Qd6
21. Nf1 h5 22. Rad1 Qe7 23. Rxd8+ Qxd8 24. g5 f6 25. h4 fxg5 26. Qxg5 Qd6 27.
Ng3 Rg8 28. Kf2 Bf7 29. e5 Qe6 30. Qf5 Qxa2 31. e6 Qxb2+ 32. Re2 Qb6+ 33. Re3
Bg6 34. Qf4 Qb2+ 35. Ne2 Qa2 36. c4 a5 37. e7 a4 38. Qf8+ Rxf8 39. exf8=Q+ Ka7
40. Qc5+ Kb8 41. Re7 Qb2 42. Rd7 Qb6 43. Qxb6 cxb6 44. Rd1 Ka7 45. Nd4 Ka6 46.
Rd2 Ka5 47. Ke3 Kb4 48. Ra2 Bf7 49. Rb2+ Kc5 50. Ra2 Kb4 51. Rb2+ Ka5 52. Kd3
Be8 53. Kc3 c5 54. Ne6 Bc6 55. f4 Bf3 56. Nc7 Bd1 1-0

[Event "DEM U12w 2017"]
[Site "Willingen GER"]
[Date "2017.06.05"]
[Round "3"]
[White "Jünk, Ellen"]
[Black "Kalina, Lena"]
[Result "1/2-1/2"]
[Termination "normal"]
[Board "11"]
[WhiteElo "1446"]
[BlackElo "1454"]
[PlyCount "61"]
[WhiteFideId "16206487"]
[BlackFideId "12988014"]
[EventCountry "GER"]
[EventRounds "11"]
[EventType "swiss"]
[EventDate "2017.06.03"]

1. e4 c5 2. Nf3 Nc6 3. d4 cxd4 4. Nxd4 g6 5. c4 Bg7 6. Be3 d6 7. Nc3 Nf6 8. Be2
O-O 9. O-O a6 10. Qd2 Nxd4 11. Bxd4 Nd7 12. Bxg7 Kxg7 13. Qd4+ f6 14. Nd5 e6
15. Nf4 Ne5 16. Rad1 Nf7 17. Qc3 Qe7 18. Rd2 Bd7 19. Bg4 Ne5 20. Bh3 Rac8 21.
b3 b5 22. Rfd1 Nf7 23. Qb4 g5 24. Ne2 h5 25. g3 bxc4 26. bxc4 Rc6 27. f3 Rfc8
28. Qa3 Ne5 29. Rxd6 Rxd6 30. Qxd6 Qxd6 31. Rxd6 1/2-1/2

[Event "DEM U12w 2017"]
[Site "Willingen GER"]
[Date "2017.06.05"]
[Round "3"]
[White "Pflugradt, Natalie"]
[Black "Avetyan, Manan"]
[Result "0-1"]
[Termination "normal"]
[Board "12"]
[WhiteElo "1485"]
[BlackElo "1284"]
[PlyCount "88"]
[WhiteFideId "16212444"]
[BlackFideId "16244737"]
[EventCountry "GER"]
[EventRounds "11"]
[EventType "swiss"]
[EventDate "2017.06.03"]

1. e4 e5 2. Nf3 Nc6 3. Bc4 Bc5 4. c3 Nf6 5. d4 exd4 6. cxd4 Bb4+ 7. Bd2 Bxd2+
8. Nbxd2 d5 9. exd5 Nxd5 10. Qb3 Nce7 11. O-O O-O 12. Rfe1 c6 13. Ne4 Rb8 14.
Ne5 Qc7 15. Rac1 b5 16. Bxd5 Nxd5 17. Qxd5 cxd5 18. Rxc7 dxe4 19. Rxe4 Bf5 20.
Rf4 Rbc8 21. Rxc8 Rxc8 22. Kf1 Be6 23. Rf3 f6 24. Nd3 Bxa2 25. Nc5 Re8 26. Re3
Rd8 27. Nb3 f5 28. Ke1 f4 29. Rd3 Bb1 30. Rd2 g5 31. f3 h5 32. Nc5 a5 33. d5 a4
34. d6 Kf7 35. d7 Bf5 36. Rd5 Kf6 37. Ne4+ Ke6 38. Rxb5 Bxe4 39. fxe4 Rxd7 40.
Rxg5 h4 41. Rg4 Rb7 42. Rxf4 Rxb2 43. Kd1 a3 44. Kc1 Rxg2 0-1

[Event "DEM U12w 2017"]
[Site "Willingen GER"]
[Date "2017.06.05"]
[Round "3"]
[White "Derling, Charlotte"]
[Black "Werner, Rosalie"]
[Result "1-0"]
[Termination "normal"]
[Board "13"]
[WhiteElo "1073"]
[BlackElo "1397"]
[PlyCount "111"]
[WhiteFideId "16222237"]
[BlackFideId "16223748"]
[EventCountry "GER"]
[EventRounds "11"]
[EventType "swiss"]
[EventDate "2017.06.03"]

1. e4 e6 2. d4 d5 3. Nc3 Nf6 4. e5 Nfd7 5. Bb5 c5 6. Nf3 Qb6 7. Rb1 a6 8. Bxd7+
Bxd7 9. Be3 Be7 10. O-O O-O 11. Ne2 Bb5 12. Re1 Rd8 13. b3 Nc6 14. c4 cxd4 15.
Nexd4 dxc4 16. bxc4 Nxd4 17. Bxd4 Bc5 18. Re4 Bxd4 19. Nxd4 Rd7 20. cxb5 axb5
21. a4 Rad8 22. Rb4 Qc5 23. Qd2 bxa4 24. Rxa4 Qc6 25. Qc2 Rxd4 26. Rexd4 Rc8
27. Qxc6 bxc6 28. h3 Kf8 29. Kf1 Ke7 30. Ke2 f6 31. Ra7+ Kf8 32. exf6 gxf6 33.
Rxh7 Kg8 34. Rdh4 Rf8 35. Rc7 e5 36. Rxc6 Kg7 37. Ke3 Rb8 38. Rg4+ Kf7 39. Ke4
Rb4+ 40. Kf5 Rxg4 41. hxg4 Kg7 42. Rxf6 e4 43. Ra6 e3 44. fxe3 Kh7 45. Kg5 Kg7
46. Ra7+ Kf8 47. Kf6 Ke8 48. Ke6 Kd8 49. Kd6 Kc8 50. Kc6 Kd8 51. Rb7 Ke8 52.
Kd6 Kf8 53. Ke6 Kg8 54. Kf6 Kh8 55. Kg6 Kg8 56. Rb8# 1-0

[Event "DEM U12w 2017"]
[Site "Willingen GER"]
[Date "2017.06.05"]
[Round "3"]
[White "Breß, Amy Charlize"]
[Black "Gossing, Marie-Sophie"]
[Result "1-0"]
[Termination "normal"]
[Board "14"]
[WhiteElo "1655"]
[BlackElo "1033"]
[PlyCount "71"]
[WhiteFideId "16233786"]
[BlackFideId "16217284"]
[EventCountry "GER"]
[EventRounds "11"]
[EventType "swiss"]
[EventDate "2017.06.03"]

1. e4 e5 2. Nf3 Nc6 3. Nc3 Bc5 4. Nxe5 Nf6 5. Nxc6 bxc6 6. d3 O-O 7. Be2 d5 8.
d4 Bb4 9. exd5 Nxd5 10. Bd2 Bxc3 11. Bxc3 Nf4 12. O-O Qg5 13. Bf3 Bh3 14. Bd2
Bxg2 15. Bxf4 Bxf3+ 16. Bxg5 Bxd1 17. Raxd1 Rfe8 18. Rfe1 Rab8 19. b3 Rb5 20.
Bf4 h6 21. Bxc7 Rg5+ 22. Bg3 h5 23. h4 Rg4 24. c4 g5 25. Kh2 gxh4 26. Be5 Kh7
27. Rg1 Reg8 28. f3 Rxg1 29. Rxg1 Rxg1 30. Kxg1 Kg6 31. Kg2 Kf5 32. Kh3 Kg5 33.
b4 Kf5 34. Kxh4 Ke6 35. Bb8 a6 36. a4 1-0

[Event "DEM U12w 2017"]
[Site "Willingen GER"]
[Date "2017.06.05"]
[Round "3"]
[White "Erdösi, Anna"]
[Black "Zöllner, Bente"]
[Result "1-0"]
[Termination "normal"]
[Board "15"]
[WhiteElo "1321"]
[BlackElo "1397"]
[PlyCount "63"]
[WhiteFideId "12993883"]
[BlackFideId "16230523"]
[EventCountry "GER"]
[EventRounds "11"]
[EventType "swiss"]
[EventDate "2017.06.03"]

1. e4 c5 2. Nf3 Nc6 3. d4 cxd4 4. Nxd4 g6 5. Nc3 Bg7 6. Be3 Nf6 7. Bc4 O-O 8.
O-O d6 9. Bb3 Bd7 10. Qd2 Ng4 11. Nxc6 bxc6 12. Bg5 Nf6 13. Rfe1 Qa5 14. e5 Ng4
15. Bxe7 Rfe8 16. exd6 Rab8 17. h3 Nf6 18. Re2 Qh5 19. Rae1 Rb4 20. Re5 Bh6 21.
Qe2 Qxe2 22. R1xe2 Nd5 23. Nxd5 cxd5 24. Rxd5 Bf8 25. Re3 Bh6 26. Rf3 Re4 27.
Ra5 Re1+ 28. Kh2 Kh8 29. Rxf7 Bc6 30. Bf6+ Kg8 31. Rg7+ Kf8 32. Rg8# 1-0

[Event "DEM U12w 2017"]
[Site "Willingen GER"]
[Date "2017.06.05"]
[Round "3"]
[White "Petersen, Sophie"]
[Black "Zixin, Li"]
[Result "0-1"]
[Termination "normal"]
[Board "16"]
[WhiteElo "1498"]
[BlackElo "1094"]
[PlyCount "96"]
[WhiteFideId "16229380"]
[BlackFideId "16244770"]
[EventCountry "GER"]
[EventRounds "11"]
[EventType "swiss"]
[EventDate "2017.06.03"]

1. e4 e5 2. Nf3 Nc6 3. d4 exd4 4. Nxd4 Bc5 5. Be3 Qf6 6. c3 Nge7 7. Bc4 O-O 8.
O-O Qg6 9. Qf3 d6 10. Na3 Ne5 11. Qg3 Qxe4 12. Bh6 Qg6 13. Qxg6 N7xg6 14. Bg5
Bxa3 15. bxa3 Nxc4 16. a4 Bd7 17. Rab1 f6 18. Be3 Na5 19. Rfe1 Bxa4 20. Ne6
Rfc8 21. Bd4 c5 22. Be3 Kf7 23. Nf4 Nxf4 24. Bxf4 d5 25. Bd6 b6 26. Re7+ Kg8
27. Rbe1 Re8 28. Rxe8+ Rxe8 29. Rxe8+ Bxe8 30. Bg3 Kf7 31. Kf1 Ke6 32. Ke2 Bg6
33. Ke3 Nc4+ 34. Kf4 d4 35. cxd4 cxd4 36. Kf3 d3 37. Bf4 Kd5 38. Be3 d2 39.
Bxd2 Nxd2+ 40. Ke3 Nf1+ 41. Ke2 Nxh2 42. Kd2 Ng4 43. f3 Ne5 44. Kc3 Bf7 45. a3
Kc5 46. f4 Nc4 47. a4 Be8 48. Kb3 h6 0-1

[Event "DEM U12w 2017"]
[Site "Willingen GER"]
[Date "2017.06.05"]
[Round "3"]
[White "Evering, Enna"]
[Black "Becker, Linda"]
[Result "1-0"]
[Termination "normal"]
[Board "17"]
[WhiteElo "1419"]
[BlackElo "1142"]
[PlyCount "171"]
[WhiteFideId "16218213"]
[BlackFideId "16244753"]
[EventCountry "GER"]
[EventRounds "11"]
[EventType "swiss"]
[EventDate "2017.06.03"]

1. e4 e6 2. d4 d5 3. Nd2 Nc6 4. Ngf3 Nf6 5. e5 Nd7 6. Bb5 Be7 7. O-O O-O 8. Re1
f6 9. c4 fxe5 10. cxd5 exd5 11. dxe5 a6 12. Bxc6 bxc6 13. Nf1 Bh4 14. Qe2 Nc5
15. Qc2 Ne4 16. Re2 c5 17. Qb3 Bg4 18. Rxe4 c4 19. Rxc4 Bxf3 20. Rxh4 Qxh4 21.
gxf3 Qd4 22. Qe3 Qh4 23. Qb3 Rfd8 24. Qb7 Qe7 25. f4 d4 26. Nd2 g5 27. Nb3 gxf4
28. Bxf4 d3 29. Rd1 Qd7 30. Kh1 Kh8 31. Rg1 Rg8 32. Rxg8+ Rxg8 33. Bg3 d2 34.
Nxd2 Qxd2 35. e6 Qe1+ 36. Kg2 Qxe6 37. Qxc7 h5 38. Kf1 Qh3+ 39. Ke1 Qg4 40.
Be5+ Rg7 41. Bxg7+ Kg8 42. Qg3 Qe4+ 43. Kf1 Qc4+ 44. Kg2 Qd5+ 45. Qf3 Qg5+ 46.
Kh3 Qxg7 47. Qg3 Qxg3+ 48. Kxg3 Kf7 49. Kf4 Kf6 50. h4 a5 51. b3 Kg6 52. Ke5
Kf7 53. Kf5 Ke7 54. Kg6 Kd6 55. f4 Kc5 56. f5 Kb4 57. f6 Ka3 58. f7 Kxa2 59.
f8=Q Kxb3 60. Qb8+ Ka3 61. Kxh5 a4 62. Kg6 Ka2 63. Qa8 a3 64. h5 Kb2 65. Qxa3+
Kxa3 66. h6 Kb4 67. h7 Kc4 68. h8=Q Kd5 69. Qh4 Kc5 70. Qg4 Kd5 71. Kh5 Ke5 72.
Kh4 Kf6 73. Qh5 Ke6 74. Qg5 Kd6 75. Qf5 Kc6 76. Kg4 Kd6 77. Kf4 Kc6 78. Ke4 Kd6
79. Qe5+ Kc6 80. Qd5+ Kb6 81. Kd4 Kc7 82. Qe6 Kb7 83. Kc5 Kb8 84. Qd7 Ka8 85.
Kb6 Kb8 86. Qb7# 1-0

[Event "DEM U12w 2017"]
[Site "Willingen GER"]
[Date "2017.06.05"]
[Round "3"]
[White "Fayngold, Sophie"]
[Black "Hentschel, Lena"]
[Result "0-1"]
[Termination "normal"]
[Board "18"]
[WhiteElo "1139"]
[BlackElo "1305"]
[PlyCount "178"]
[BlackFideId "16240324"]
[EventCountry "GER"]
[EventRounds "11"]
[EventType "swiss"]
[EventDate "2017.06.03"]

1. e4 e5 2. Nf3 Nc6 3. Bc4 Bc5 4. d3 Nf6 5. c3 a6 6. Nbd2 d6 7. h3 h6 8. Nf1
O-O 9. Ng3 Be6 10. Bb3 Re8 11. O-O Bb6 12. Nh4 Ne7 13. Qf3 Qd7 14. Ngf5 Bxf5
15. Nxf5 Nxf5 16. exf5 c6 17. Kh1 Re7 18. Rg1 e4 19. dxe4 Rxe4 20. Bc2 Re7 21.
Bd3 Rae8 22. Bd2 Ne4 23. Be3 Bxe3 24. fxe3 Ng5 25. Qg4 Rxe3 26. Bc2 Re2 27.
Rac1 Rf2 28. h4 Nh7 29. Kh2 Ree2 30. Bb1 Rxb2 31. Rce1 Nf6 32. Qh3 Rbe2 33.
Rxe2 Rxe2 34. Qf3 Qe7 35. Qg3 Qe5 36. Qxe5 Rxe5 37. Rf1 Re3 38. Rc1 Ng4+ 39.
Kg1 Kf8 40. Kf1 Ke7 41. Kg1 Kf6 42. Kh1 Ke5 43. Kg1 Kf4 44. Rf1+ Ke5 45. Rd1
Rxc3 46. Re1+ Re3 47. Rf1 d5 48. Rd1 Kf4 49. Rf1+ Kg3 50. Kh1 Kxh4 51. Kg1 Kg3
52. Kh1 Nf2+ 53. Kg1 Re2 54. Rc1 h5 55. f6 g6 56. Bxg6 h4 57. Bf5 h3 58. Bxh3
Nxh3+ 59. gxh3 Kxh3 60. Kf1 Re4 61. Rc3+ Kg4 62. Kf2 Rf4+ 63. Ke2 Rxf6 64. Rb3
b5 65. Rb4+ Rf4 66. Rb3 Ra4 67. a3 a5 68. Kd3 Rc4 69. Rb2 Kg3 70. Rb1 f5 71.
Rg1+ Kf4 72. Rf1+ Ke5 73. Re1+ Re4 74. Rc1 Rd4+ 75. Ke3 f4+ 76. Kf3 Rd3+ 77.
Kf2 Rxa3 78. Rxc6 b4 79. Rc2 a4 80. Re2+ Re3 81. Rb2 b3 82. Rb1 a3 83. Ra1 b2
84. Rd1 a2 85. Rf1 b1=Q 86. Rxb1 axb1=Q 87. Kg2 Qc2+ 88. Kf1 Qd2 89. Kg1 Re1#
0-1

[Event "DEM U12w 2017"]
[Site "Willingen GER"]
[Date "2017.06.05"]
[Round "3"]
[White "Yakovleva, Lara"]
[Black "Schulz, Hannah"]
[Result "0-1"]
[Termination "normal"]
[Board "19"]
[WhiteElo "944"]
[BlackElo "1218"]
[PlyCount "60"]
[WhiteFideId "16244788"]
[BlackFideId "16244745"]
[EventCountry "GER"]
[EventRounds "11"]
[EventType "swiss"]
[EventDate "2017.06.03"]

1. e4 c6 2. d4 d5 3. exd5 cxd5 4. Nc3 Nc6 5. Bb5 Nf6 6. Bg5 h6 7. Bxf6 exf6 8.
Qf3 Be6 9. O-O-O Be7 10. Nh3 O-O 11. Nf4 a6 12. Bxc6 bxc6 13. Nxe6 fxe6 14.
Rhe1 Qd6 15. Qg4 e5 16. dxe5 fxe5 17. Ne4 Qc7 18. Ng3 Bg5+ 19. Kb1 Rae8 20. h4
Bf6 21. Nf5 Kh8 22. b3 Rf7 23. f4 Rff8 24. Re3 exf4 25. Rxe8 Rxe8 26. Rf1 Qe5
27. Kc1 Qa1+ 28. Kd2 Qxf1 29. Nd6 Qe1+ 30. Kd3 Qe3# 0-1

[Event "DEM U12w 2017"]
[Site "Willingen GER"]
[Date "2017.06.05"]
[Round "4"]
[White "Orlova, Alicia"]
[Black "Liu, Sijia Anna"]
[Result "1-0"]
[Termination "normal"]
[Board "1"]
[WhiteElo "1452"]
[BlackElo "1529"]
[WhiteClock "00:35:43"]
[BlackClock "00:12:20"]
[PlyCount "87"]
[WhiteFideId "34154563"]
[BlackFideId "12989746"]
[EventCountry "GER"]
[EventRounds "11"]
[EventType "swiss"]
[EventDate "2017.06.03"]

1. e4 c5 2. Nf3 Nc6 3. Bb5 a6 4. Bxc6 bxc6 5. O-O Nf6 6. d3 d6 7. h3 g6 8. Be3
Rb8 9. Qc1 Qb6 10. b3 Bg7 11. Bh6 O-O 12. Bxg7 Kxg7 13. Nc3 d5 14. Re1 e6 15.
Qb2 c4 16. exd5 cxd5 17. dxc4 dxc4 18. Ne4 Qd8 19. Rad1 Qe7 20. Ne5 Rb6 21. Qd4
Rb7 22. Ng4 e5 23. Nxe5 Nxe4 24. Nxc4+ Qf6 25. Rxe4 Be6 26. Qxf6+ Kxf6 27. Rd6
Kf5 28. Rh4 Re8 29. Rxa6 g5 30. Ne3+ Kg6 31. Rd4 Rbb8 32. a4 f5 33. Rdd6 Kf7
34. Nxf5 Bxf5 35. Rf6+ Kg7 36. Rxf5 Re1+ 37. Kh2 h6 38. Rff6 Rh8 39. Rfc6 Re2
40. Rc7+ Kf8 41. Ra8+ Re8 42. Rxe8+ Kxe8 43. Rc8+ Kf7 44. Rxh8 1-0

[Event "DEM U12w 2017"]
[Site "Willingen GER"]
[Date "2017.06.05"]
[Round "4"]
[White "Stowicek, Yara Mathilda"]
[Black "Heutling, Elina"]
[Result "1/2-1/2"]
[Termination "normal"]
[Board "2"]
[WhiteElo "1455"]
[BlackElo "1461"]
[WhiteClock "00:17:57"]
[BlackClock "00:17:15"]
[PlyCount "69"]
[WhiteFideId "16203569"]
[BlackFideId "16244729"]
[EventCountry "GER"]
[EventRounds "11"]
[EventType "swiss"]
[EventDate "2017.06.03"]

1. e4 c5 2. c3 d5 3. exd5 Qxd5 4. d4 Nf6 5. Na3 a6 6. Nc2 Nc6 7. Nf3 Bg4 8. Be2
e6 9. O-O Be7 10. Re1 O-O 11. h3 Bh5 12. Be3 Rad8 13. dxc5 Bxc5 14. Qxd5 Rxd5
15. Bc4 Bxe3 16. Bxd5 Bxf2+ 17. Kxf2 Nxd5 18. Ncd4 Nxd4 19. Nxd4 Rc8 20. g4 Bg6
21. Rad1 Nf4 22. Kg3 Nd3 23. Re2 Rc5 24. Red2 e5 25. Nb3 Rd5 26. Kf3 e4+ 27.
Ke3 f6 28. Nc1 Kf7 29. Nxd3 exd3 30. Rxd3 Bxd3 31. Rxd3 Ke6 32. Rd4 Rxd4 33.
Kxd4 b6 34. a4 Kd6 35. b4 1/2-1/2